Responses for show #7707 - Tuesday, February 27, 2018

Contestants

[<< previous game]

Paul Mitchell Kelleher, a physician from Millington, New Jersey

Amy Finkelstein, an editor from Chicago, Illinois

Maryann Penzvalto, a librarian from Cleveland, Ohio (whose 1-day cash winnings total $15,801)

[next game >>]

Jeopardy! Round responses

OTHER WONDER WOMEN
A FRENCH PREPOSITION
FUEL FOSSILS
"X" IN THE CITY
ZERO
TOLERANCE
    $200 7
Supergirl

Maryann
    $200 12
chez

Maryann
    $200 26
Exxon

Amy
    $200 1
Oxford

Maryann
    $200 17
the equator

Amy
    $200 6
Maryland

Amy
    $400 8
Elastigirl

Amy
    $400 13
sans

Maryann
    $400 27
ARCO

Triple Stumper
    $400 2
Halifax

Amy
    $400 18
Ground Zero

Amy
    $400 22
the Quran

Amy
    $600 9
Minerva

Amy
    $600 14
à la

Maryann
    $600 28
Los Angeles

Triple Stumper
    $1,000 3
(Alex: Amy?)
(Amy: No. Don't know it.)

Alexandria

Amy
    $600 19
Zero Mostel

Amy
    $600 23
the intolerant

Amy
    $800 10
the Scarlet Witch

Triple Stumper
    $800 15
derrière

Maryann
    $800 29
coal

Paul
    $800 4
Phoenix

Maryann
    $800 20
zero dark thirty

Maryann
    $800 24
Vanzetti

Paul
    $1000 11
Famke Janssen

Maryann
    $1000 16
vis-a-vis

Triple Stumper
    $1000 30
a filling station

Maryann
    $1000 5
Sioux Falls

Maryann
    $1000 21
William Gibson

Amy
    $1000 25
(Alex: With less than a minute to go.)

Voltaire

Paul

Scores at the first commercial break (after clue 15):

Maryann Amy Paul
$5,200 $600 $0

Scores at the end of the Jeopardy! Round:

Maryann Amy Paul
$7,000 $4,000 $2,600

Double Jeopardy! Round responses

GIVING YOU THE EARTH & THE MOON
RATING SYSTEMS
THE FEDERALIST PAPERS
TV SPIN-OFFS
(Alex: We'll give you the TV spin-off, you name the source show.)
LITERARY HOMES
HOW ARE "THINGS"?
    $400 16
10

Maryann
    $400 4
the Constitution

Paul
    $400 1
(Amy: What is The Green Arrow?)
(Paul: What is Superman?)

Arrow

AmyPaul
Triple Stumper
    $400 15
(Paul: What is Mandelay?)

Manderley

AmyPaul
    $800 17
(Maryann: What is a Michelin star?)
(Paul: What is four stars?)
(Amy: What is five stars?)

three stars

MaryannAmyPaul
Triple Stumper
    $800 6
(Paul: What is Congress?)
(Alex: Be more specific.)
(Paul: What is... ah.)

the House of Representatives

AmyPaul
    $800 2
Mary Tyler Moore

Paul
    $800 14
Rochester

Paul
    $800 24
(Alex: With less than a minute now.)

the Internet of Things

Maryann
    $600 27
(Alex: Paul?)
(Paul: What are plateaus?)
...
[The end-of-round signal sounds.]

maria

Paul
    $1200 18
Consumer Reports

Maryann
    $1200 7
James Madison

Maryann
    $1200 3
M*A*S*H

Amy
    $1200 11
Howards End

Paul
    $1200 21
all things are possible

Maryann
    $1600 26
a valley

Paul
    $1600 19
diamonds

Triple Stumper
    $3,000 8
(Maryann: What is executive power?)

pardon

Maryann
    $1600 5
General Hospital

Amy
    $1600 12
Pride and Prejudice

Amy
    $1600 22
things that go bump in the night

Maryann
    $2000 25
the Apennines

Triple Stumper
    $2000 20
the San Francisco Chronicle

Triple Stumper
    $2000 9
(Maryann: What is Patroclus?)

Publius

Maryann
Triple Stumper
    $2000 10
(Paul: What is Housewives of Beverly Hills?)

The Real Housewives of Beverly Hills

MaryannPaul
    $2000 13
Washington Square

Triple Stumper
    $2000 23
(Amy: What is a thing divided?)

things fall apart

AmyPaul

Scores at the end of the Double Jeopardy! Round:

Maryann Amy Paul
$9,600 $6,400 $4,400

[wagering suggestions for these scores]

Final Jeopardy! Round responses

AMERICANA
(Alex: There's a bit of a trap in this clue. The date was very important.)
...
(Alex: [To Paul] That's when it was built, and they were writing about it at that time.)
PaulWhat is the Empire State Building
$4,300
AmyWhat is the Statue of Liberty?
$6,300
MaryannWhat is the Empire State Building
$3,201
the Empire State Building

Final scores:

Maryann Amy Paul
$12,801 $100 $8,700
2-day champion: $28,602 3rd place: $1,000 2nd place: $2,000

Game dynamics:

Coryat scores:

Maryann Amy Paul
$12,600 $7,400 $5,000
18 R,
3 W
(including 1 DD)
16 R,
4 W
(including 1 DD)
9 R,
6 W
(including 1 DD)

Combined Coryat: $25,000

The J! Archive is created by fans, for fans. The Jeopardy! game show and all elements thereof, including but not limited to copyright and trademark thereto, are the property of Jeopardy Productions, Inc. and are protected under law. This website is not affiliated with, sponsored by, or operated by Jeopardy Productions, Inc. Join the discussion at JBoard.tv.